[Event "GER-ch U25-C"]
[Site "Willingen"]
[Date "2019.06.09"]
[Round "2"]
[White "Wartenberg, Alexander"]
[Black "Tenbosch, Till Theo"]
[Result "0-1"]
[WhiteElo "1002"]
[BlackElo "1085"]
[PlyCount "92"]
[EventDate "2019.06.08"]
[EventType "swiss"]
[EventRounds "9"]
[EventCountry "GER"]
[SourceTitle "CBM 191 Extra"]
[Source "ChessBase"]
[SourceDate "2019.09.30"]
[SourceVersion "1"]
[SourceVersionDate "2019.09.30"]
[SourceQuality "1"]

1. e4 d5 2. exd5 Qxd5 3. Nc3 Qa5 4. Nf3 Bf5 5. Bc4 e6 6. d4 Nf6 7. Bd2 c6 8. Nd5 Qd8 9. Nxf6+ gxf6 10. Bf4 Bd6 11. Qd2 Qc7 12. Bxd6 Qxd6 13. 0-0-0 Nd7 14. Kb1 0-0-0 15. Qc3 Nb6 16. Bb5 Kb8 17. Bd3 Bg6 18. Bxg6 fxg6 19. Qc5 Qd5 20. Qxd5 Rxd5 21. Rhe1 Rhd8 22. Kc1 Kc7 23. b3 Nc8 24. c4 R5d6 25. Kc2 c5 26. Kc3 e5 27. Re4 cxd4+ 28. Kc2 Rh8 29. c5 Rc6 30. b4 b6 31. Kb3 bxc5 32. Rc1 cxb4 33. Rxc6+ Kxc6 34. Kxb4 Nb6 35. a4 a5+ 36. Kxa5 Ra8+ 37. Kb4 Rxa4+ 38. Kb3 Kd5 39. Re1 e4 40. Nd2 f5 41. g4 d3 42. f3 Rd4 43. fxe4+ fxe4 44. Re3 Nc4 45. Nxc4 Rxc4 46. Re1 Kd4 0-1